Phép tính vi phân và tích phân Sách dùng trong các trường Cao đẳng sư phạm tập 1

trình bày các khái niệm định nghĩa, định lý về các vấn đề: Lý thuyết dãy số, hàm số mật biến số, giới hạn của hàm số, hàm số mật biến số, giới hạn của hàm số, hàm số liên tục, đạo hàm và vi phân của hàm số chuỗi, hàm số hai biến số...

Ausführliche Beschreibung

Gespeichert in:
Bibliographische Detailangaben
1. Verfasser: Banac, Stêfan
Format: Buch
Sprache:Vietnamese
Veröffentlicht: H. Giáo dục 1978
Schlagworte:
Tags: Tag hinzufügen
Keine Tags, Fügen Sie den ersten Tag hinzu!
Thư viện lưu trữ: Mạng thư viện Đại học Đà Nẵng
LEADER 01220nam a2200325 4500
001 000008055
003 4236
005 20111013151040.0
008 111013s1978 viesd
041 0 |a vie 
082 |a 515,3  |b BA-S 
100 0 |a Banac, Stêfan 
245 1 0 |a Phép tính vi phân và tích phân  |b Sách dùng trong các trường Cao đẳng sư phạm  |c Stêfan Banac  |n tập 1 
260 |a H.  |b Giáo dục  |c 1978 
300 |a 279tr.  |c 21cm 
520 |a trình bày các khái niệm định nghĩa, định lý về các vấn đề: Lý thuyết dãy số, hàm số mật biến số, giới hạn của hàm số, hàm số mật biến số, giới hạn của hàm số, hàm số liên tục, đạo hàm và vi phân của hàm số chuỗi, hàm số hai biến số 
653 |a Toán 
653 |a Vi phân 
653 |a Tích phân 
653 |a Giáo trình 
773 |t Phép tính vi phân và tích phân  |w 4227 
910 |a Huỳnh thị chi  |d 13/10/2011 
OWN |a LSP 
999 |a From the UDN01 
TYP |a Monograph 
TYP |a Printed language 
980 |a Mạng thư viện Đại học Đà Nẵng